000
00301nam a2200121Ia 4500
008
190802s9999 xx 000 0 und d
020
_a
978-93-528-6230-6
100
_a
John R Boatright
245
0
_a
Ethics and the Conduct of Business
260
_a
USA
_b
Wiley
_c
2018
300
_a
555:p
942
_c
BK
999
_c
2364
_d
2364